| 000 | 00776nam a2200229 i 4500 | ||
|---|---|---|---|
| 001 | bgj | ||
| 245 | 0 | 0 |
_aPrevention's Giant Book of Health Facts : _bthe ultimate reference for personal health / _cby the editors of Prevention Magazine Health Books ; introduction by Mark Bricklin ; edited by John Feltman. |
| 260 |
_aEmmaus, Pa : _bRodale Press, _cc. 1991. |
||
| 300 |
_aVIII, 597 pp : _bill. ; _c24 cm. |
||
| 504 | _aBibliography p. 569-579. | ||
| 505 | _aIncludes index. | ||
| 650 | 9 | _aMedicine, Popular | |
| 655 | _aHandbooks, manuals, etc. | ||
| 700 | 1 |
_aBRICKLIN, Mark. _eed. |
|
| 700 | 1 |
_aFELTMAN, John. _eed. |
|
| 020 | _a0878579095 | ||
| 040 | _cBPK | ||
| 041 | 0 | _aeng | |
| 920 | _a0-87857-909-5 | ||
| 942 | _cKS | ||
| 008 | s uk f |000 0 eng | ||
| 999 |
_c47578 _d47578 |
||